Phases finales de la Coupe du monde de rugby 2019. - Statistiques

Statistiques générales
  • Ce quiz a été pris 281 fois
  • Le résultat moyen est 8 sur 8
Statistiques - réponses
Réponse % Correct
Angleterre
100%
France
100%
Nouvelle-Zélande
99%
Afrique du Sud
98%
Pays de Galles
96%
Irlande
96%
Australie
92%
Japon
88%
Aucun quiz correspondant
Distribution des résultats
% des personnes avec chaque résultat
Percentile par nombre de réponses
Votre historique - résultats
Vous n’avez pas pris ce quiz